[Event "Steyr Landesliga 1920"]
[Site "Austria"]
[Date "2019.10.19"]
[Round "3.4"]
[White "Riedner, Martin"]
[Black "Kodric, Tilen"]
[Result "1/2-1/2"]
[WhiteElo "2058"]
[BlackElo "2061"]
[PlyCount "47"]
[EventDate "2019.09.28"]
[EventType "team-tourn"]
[EventRounds "11"]
[EventCountry "AUT"]
[SourceTitle "CBM 193 Extra"]
[Source "ChessBase"]
[SourceDate "2020.01.31"]
[SourceVersion "1"]
[SourceVersionDate "2020.01.31"]
[SourceQuality "1"]
[WhiteTeam "Gamlitz"]
[BlackTeam "Baernbach"]
[WhiteTeamCountry "AUT"]
[BlackTeamCountry "AUT"]

1. d4 Nf6 2. Bg5 d5 3. Nf3 Ne4 4. Bf4 e6 5. e3 c5 6. c3 Qb6 7. Qc2 Nc6 8. Nbd2 Nf6 9. Be2 Be7 10. h3 Bd7 11. Ne5 Rc8 12. Qb3 Nxe5 13. Qxb6 axb6 14. Bxe5 0-0 15. 0-0 Bc6 16. Bd3 Rfe8 17. Rac1 Nd7 18. Bg3 Bf6 19. Nf3 Ra8 20. a3 e5 21. dxe5 Nxe5 22. Nxe5 Bxe5 23. Bxe5 Rxe5 24. Rfd1 1/2-1/2

[Event "SLO-chT1 East"]
[Site "Slovenia"]
[Date "2019.09.22"]
[Round "6.2"]
[White "Kodric, Tilen"]
[Black "Grah, Matej"]
[Result "1-0"]
[WhiteElo "2061"]
[BlackElo "1962"]
[PlyCount "71"]
[EventDate "2019.09.06"]
[EventType "team-tourn"]
[EventRounds "9"]
[EventCountry "SLO"]
[SourceTitle "EXT 2020"]
[Source "ChessBase"]
[SourceDate "2019.10.17"]
[SourceVersion "1"]
[SourceVersionDate "2019.10.17"]
[SourceQuality "1"]
[WhiteTeam "Maribor II"]
[BlackTeam "Pomgrad Radenska II"]
[WhiteTeamCountry "SLO"]
[BlackTeamCountry "SLO"]

1. Nf3 d6 2. g3 Nf6 3. Bg2 g6 4. 0-0 Bg7 5. d4 c6 6. c4 0-0 7. Nc3 Qc7 8. e4 e5 9. h3 Nbd7 10. Be3 Re8 11. d5 a6 12. Nd2 Nh5 13. Kh2 Nf8 14. Rc1 c5 15. Bf3 Nf6 16. Ne2 Bd7 17. g4 h6 18. Ng3 Qc8 19. Bg2 b5 20. b4 cxb4 21. cxb5 Qb8 22. b6 Bb5 23. Nc4 a5 24. a3 N8d7 25. axb4 axb4 26. Qb3 Ra4 27. Nb2 Ra3 28. Qxb4 Bxf1 29. Qxa3 Bxg2 30. Kxg2 Nxb6 31. Rc6 Nc8 32. Nc4 Bf8 33. Qc1 Kh7 34. Nxe5 Nxd5 35. Nd7 Qb7 36. Nxf8+ 1-0

[Event "SLO-chT1 East"]
[Site "Slovenia"]
[Date "2019.09.20"]
[Round "4.3"]
[White "Kodric, Tilen"]
[Black "Mitrovic, Boris1111"]
[Result "1-0"]
[WhiteElo "2061"]
[BlackElo "1964"]
[PlyCount "81"]
[EventDate "2019.09.06"]
[EventType "team-tourn"]
[EventRounds "9"]
[EventCountry "SLO"]
[SourceTitle "EXT 2020"]
[Source "ChessBase"]
[SourceDate "2019.10.17"]
[SourceVersion "1"]
[SourceVersionDate "2019.10.17"]
[SourceQuality "1"]
[WhiteTeam "Maribor II"]
[BlackTeam "Fram"]
[WhiteTeamCountry "SLO"]
[BlackTeamCountry "SLO"]

1. d4 Nf6 2. Nc3 d5 3. Bf4 c6 4. e3 Bf5 5. f3 e6 6. g4 Bg6 7. h4 h6 8. h5 Bh7 9. Bd3 Bd6 10. Bxh7 Bxf4 11. exf4 Nxh7 12. Nge2 0-0 13. Qd3 b5 14. 0-0-0 a5 15. Rdg1 f6 16. Rh2 Ra7 17. Rhg2 Raf7 18. Qg6 Re8 19. Kb1 Nd7 20. Qd3 a4 21. a3 Nb6 22. g5 fxg5 23. fxg5 hxg5 24. f4 Rf5 25. fxg5 Nf8 26. Qh3 Qd7 27. Qh4 Qf7 28. g6 Qe7 29. Qh3 b4 30. axb4 Qxb4 31. h6 Nc4 32. Nd1 Qe7 33. Ng3 Rf4 34. Nh5 Rh4 35. Qf3 Rxh5 36. Qxh5 gxh6 37. g7 Nh7 38. Qxh6 Qf6 39. Qxh7+ Kxh7 40. g8Q+ Rxg8 41. Rh1+ 1-0

[Event "SLO-chT1 East"]
[Site "Slovenia"]
[Date "2017.11.26"]
[Round "9"]
[White "Kodric, Tilen"]
[Black "Grilc, Andrej"]
[Result "0-1"]
[WhiteElo "2152"]
[BlackElo "2081"]
[PlyCount "50"]
[EventDate "2017.09.29"]
[EventType "team-tourn"]
[EventRounds "9"]
[EventCountry "SLO"]
[SourceTitle "EXT 2019"]
[Source "ChessBase"]
[SourceDate "2018.10.10"]
[SourceVersion "1"]
[SourceVersionDate "2018.10.10"]
[SourceQuality "1"]
[WhiteTeam "Maribor ZSK II"]
[BlackTeam "Milan Majcen Sevnica"]
[WhiteTeamCountry "SLO"]
[BlackTeamCountry "SLO"]

1. e4 Nf6 2. e5 Nd5 3. d4 d6 4. c4 Nb6 5. exd6 exd6 6. Nc3 Be7 7. Be2 0-0 8. h3 Nc6 9. Nf3 Bf5 10. 0-0 Re8 11. b3 Bf8 12. d5 Ne7 13. Nd4 Bd7 14. g4 c6 15. dxc6 bxc6 16. Bf4 d5 17. Bg3 c5 18. Ndb5 d4 19. Bf3 dxc3 20. Nd6 Nc6 21. Nxe8 Bxe8 22. Qc2 Qf6 23. Qe4 Nd4 24. Bg2 Bc6 25. Qe5 Nf3+ 0-1

[Event "SLO-chT1 East"]
[Site "Slovenia"]
[Date "2017.11.12"]
[Round "6"]
[White "Kodric, Tilen"]
[Black "Pavic, Filip"]
[Result "0-1"]
[WhiteElo "2152"]
[BlackElo "2231"]
[PlyCount "82"]
[EventDate "2017.09.29"]
[EventType "team-tourn"]
[EventRounds "9"]
[EventCountry "SLO"]
[SourceTitle "EXT 2019"]
[Source "ChessBase"]
[SourceDate "2018.10.10"]
[SourceVersion "1"]
[SourceVersionDate "2018.10.10"]
[SourceQuality "1"]
[WhiteTeam "Maribor ZSK II"]
[BlackTeam "Zalec"]
[WhiteTeamCountry "SLO"]
[BlackTeamCountry "SLO"]

1. c4 c5 2. Nf3 Nc6 3. Nc3 e5 4. g3 g6 5. Bg2 Bg7 6. 0-0 Nge7 7. Ne1 d6 8. Nc2 Be6 9. Ne3 Qd7 10. Ned5 Rc8 11. d3 Bh3 12. Bg5 Bxg2 13. Kxg2 Nxd5 14. Nxd5 Qe6 15. Rb1 h6 16. Bd2 0-0 17. e4 f5 18. f3 Rf7 19. Bc3 Rcf8 20. Qe2 h5 21. h3 Bh6 22. b4 b6 23. b5 Ne7 24. Nxe7+ Qxe7 25. Bd2 Bxd2 26. Qxd2 g5 27. Qe2 Qe6 28. g4 hxg4 29. fxg4 fxg4 30. Qxg4 Qxg4+ 31. hxg4 Rf4 32. Rxf4 exf4 33. Kf3 Kg7 34. d4 Rh8 35. e5 cxd4 36. exd6 Rd8 37. Ke4 Rxd6 38. Ke5 Rd8 39. Rd1 d3 40. Ke4 d2 41. Kf3 Kf6 0-1

[Event "SLO-chT1 East"]
[Site "Slovenia"]
[Date "2017.09.29"]
[Round "1"]
[White "Kodric, Tilen"]
[Black "Horvath, Tamas"]
[Result "0-1"]
[WhiteElo "2152"]
[BlackElo "2360"]
[PlyCount "83"]
[EventDate "2017.09.29"]
[EventType "team-tourn"]
[EventRounds "9"]
[EventCountry "SLO"]
[SourceTitle "EXT 2019"]
[Source "ChessBase"]
[SourceDate "2018.10.10"]
[SourceVersion "1"]
[SourceVersionDate "2018.10.10"]
[SourceQuality "1"]
[WhiteTeam "Maribor ZSK II"]
[BlackTeam "Lendava Rokada"]
[WhiteTeamCountry "SLO"]
[BlackTeamCountry "SLO"]

1. Nf3 c5 2. e4 e6 3. b3 Nf6 4. Nc3 d6 5. Bb5+ Nbd7 6. a4 Be7 7. 0-0 0-0 8. Re1 Qc7 9. Bb2 Ne5 10. Nxe5 dxe5 11. Bf1 Bd7 12. Nb5 Qb8 13. Na3 Be8 14. Nc4 Nd7 15. g3 Qc7 16. Bh3 Bf6 17. Ra2 Nb8 18. Qa1 Nc6 19. f4 Nb4 20. Bxe5 Bxe5 21. Nxe5 Nxa2 22. Qxa2 b6 23. d3 a6 24. Bf1 Rd8 25. Ra1 Bc6 26. Nxc6 Qxc6 27. Bg2 Qd6 28. Qb2 b5 29. axb5 axb5 30. e5 Qb6 31. Kf1 Rd7 32. Qa2 Rb8 33. Qa5 Qxa5 34. Rxa5 c4 35. bxc4 bxc4 36. Ra8 Rxa8 37. Bxa8 cxd3 38. cxd3 Rxd3 39. Ke2 Ra3 40. Bg2 h6 41. g4 g5 42. fxg5 0-1

[Event "Maribor Pirc Memorial op 20th"]
[Site "Maribor"]
[Date "2017.06.29"]
[Round "6"]
[White "Kodric, Tilen"]
[Black "Jelen, Igor"]
[Result "0-1"]
[WhiteElo "2174"]
[BlackElo "2368"]
[PlyCount "40"]
[EventDate "2017.06.24"]
[EventType "swiss"]
[EventRounds "9"]
[EventCountry "SLO"]
[SourceTitle "CBM 179 Extra"]
[Source "ChessBase"]
[SourceDate "2017.08.23"]
[SourceVersion "1"]
[SourceVersionDate "2017.08.23"]
[SourceQuality "1"]

1. d4 Nf6 2. c4 g6 3. Nc3 d5 4. Nf3 Bg7 5. Qb3 dxc4 6. Qxc4 0-0 7. e4 Na6 8. e5 Nd7 9. Qb3 c5 10. Bxa6 bxa6 11. Qd5 Rb8 12. dxc5 Qc7 13. e6 Nxc5 14. exf7+ Rxf7 15. Be3 Rxb2 16. 0-0 Bxc3 17. Bxc5 Rb5 18. Ng5 e6 19. Qd6 Rxc5 20. Nxf7 Bxa1 0-1

[Event "Maribor Pirc Memorial op 20th"]
[Site "Maribor"]
[Date "2017.06.28"]
[Round "5"]
[White "Kodric, Tilen"]
[Black "Gasparac, Gregor"]
[Result "1/2-1/2"]
[WhiteElo "2174"]
[BlackElo "2042"]
[PlyCount "88"]
[EventDate "2017.06.24"]
[EventType "swiss"]
[EventRounds "9"]
[EventCountry "SLO"]
[SourceTitle "CBM 179 Extra"]
[Source "ChessBase"]
[SourceDate "2017.08.23"]
[SourceVersion "1"]
[SourceVersionDate "2017.08.23"]
[SourceQuality "1"]

1. e4 e6 2. d4 d5 3. Nd2 c5 4. exd5 Qxd5 5. Ngf3 cxd4 6. Bc4 Qd8 7. 0-0 Nc6 8. Nb3 a6 9. Nbxd4 Nxd4 10. Nxd4 Qc7 11. Be2 Bd6 12. h3 Ne7 13. c4 0-0 14. Nf3 e5 15. Ng5 Bf5 16. Bd3 Bxd3 17. Qxd3 Ng6 18. h4 Rfd8 19. h5 Nf8 20. b3 Bc5 21. Qg3 Bd4 22. Rb1 Qc6 23. Ba3 Ne6 24. Nf3 Nf4 25. Nxd4 Rxd4 26. Rfe1 f6 27. h6 g6 28. Bb2 Rd2 29. Qg4 Rad8 30. Bc1 R2d4 31. Be3 Re4 32. Bxf4 Rxf4 33. Qh3 Rfd4 34. Re2 Qd7 35. Qf3 Kf7 36. Rxe5 Rd1+ 37. Re1 Rd2 38. Re2 Rd3 39. Re3 Rxe3 40. Qxe3 Qd2 41. Qe4 Qd3 42. Qxd3 Rxd3 43. b4 g5 44. b5 Rc3 1/2-1/2

[Event "Maribor Pirc Memorial op 20th"]
[Site "Maribor"]
[Date "2017.06.25"]
[Round "2"]
[White "Sebenik, Matej"]
[Black "Kodric, Tilen"]
[Result "1-0"]
[WhiteElo "2549"]
[BlackElo "2174"]
[PlyCount "91"]
[EventDate "2017.06.24"]
[EventType "swiss"]
[EventRounds "9"]
[EventCountry "SLO"]
[SourceTitle "CBM 179 Extra"]
[Source "ChessBase"]
[SourceDate "2017.08.23"]
[SourceVersion "1"]
[SourceVersionDate "2017.08.23"]
[SourceQuality "1"]

1. e4 d6 2. d4 Nf6 3. Nc3 Nbd7 4. Nf3 e5 5. Bc4 Be7 6. a4 0-0 7. 0-0 c6 8. h3 h6 9. Re1 Re8 10. Be3 Qc7 11. a5 exd4 12. Bxd4 Bf8 13. Qd2 Ne5 14. Be2 c5 15. Bxe5 dxe5 16. Bc4 Be6 17. Nb5 Qb8 18. Qc3 Bxc4 19. Qxc4 a6 20. Na3 b5 21. axb6 Qxb6 22. b3 Nh5 23. Qf1 Nf4 24. g3 Qg6 25. Nc4 Qh5 26. gxf4 Qxf3 27. f5 Rad8 28. Re3 Qh5 29. Qe2 Qh4 30. Rxa6 Ra8 31. Rxa8 Rxa8 32. Qg4 Ra1+ 33. Kg2 Qd8 34. Rd3 Qc7 35. Rd5 f6 36. Rd1 Qa7 37. Qe2 Qa8 38. Rxa1 Qxa1 39. Qd2 Qb1 40. Ne3 Qa1 41. Qd5+ Kh7 42. Qf7 Qa8 43. Nd5 Kh8 44. c4 Qb8 45. Nc7 Bd6 46. Ne8 1-0

[Event "SLO-ch U18"]
[Site "Ptuj"]
[Date "2017.03.01"]
[Round "5"]
[White "Skuhala, Luka"]
[Black "Kodric, Tilen"]
[Result "1-0"]
[WhiteElo "2095"]
[BlackElo "2192"]
[PlyCount "75"]
[EventDate "2017.02.25"]
[EventType "swiss"]
[EventRounds "7"]
[EventCountry "SLO"]
[SourceTitle "CBM 177 Extra"]
[Source "ChessBase"]
[SourceDate "2017.04.27"]
[SourceVersion "1"]
[SourceVersionDate "2017.04.27"]
[SourceQuality "1"]

1. e4 e6 2. d4 d5 3. e5 b6 4. c3 Qd7 5. Nf3 Ne7 6. Bd3 Ba6 7. Bxa6 Nxa6 8. Qd3 Nb8 9. 0-0 c5 10. Be3 c4 11. Qc2 Nf5 12. b3 Nc6 13. bxc4 dxc4 14. Nbd2 Na5 15. Ne4 h6 16. Bc1 Be7 17. g4 Nh4 18. Nxh4 Bxh4 19. Nd6+ Kf8 20. Qe4 Qc6 21. Qf4 f6 22. Ba3 Kg8 23. exf6 Bxf6 24. Ne4 Bd8 25. Bd6 Nb7 26. Be5 Be7 27. Rae1 Rf8 28. Qg3 Bf6 29. f4 Bxe5 30. fxe5 Rxf1+ 31. Kxf1 Kh7 32. Qg2 Qd7 33. Qc2 Kg8 34. Kg1 Qe7 35. Rf1 Qh4 36. Qg2 h5 37. gxh5 Kh7 38. Qg6+ 1-0

[Event "SLO-chT1 East"]
[Site "Slovenia"]
[Date "2016.11.26"]
[Round "8"]
[White "Kodric, Tilen"]
[Black "Ivekovic, Bozidar1111"]
[Result "0-1"]
[WhiteElo "2144"]
[BlackElo "2397"]
[PlyCount "94"]
[EventDate "2016.09.23"]
[EventType "team-tourn"]
[EventRounds "9"]
[EventCountry "SLO"]
[SourceTitle "EXT 2019"]
[Source "ChessBase"]
[SourceDate "2018.10.10"]
[SourceVersion "1"]
[SourceVersionDate "2018.10.10"]
[SourceQuality "1"]
[WhiteTeam "Maribor ZSK II"]
[BlackTeam "Sevnica Majcen"]
[WhiteTeamCountry "SLO"]
[BlackTeamCountry "SLO"]

1. Nf3 c5 2. c4 Nc6 3. Nc3 g6 4. g3 Bg7 5. Bg2 e6 6. 0-0 Nge7 7. d3 0-0 8. Bf4 d5 9. Qc1 b6 10. Bh6 Bb7 11. Bxg7 Kxg7 12. Qf4 d4 13. Nb5 Qb8 14. Qxb8 Raxb8 15. Nd2 a6 16. Na3 Nb4 17. Bxb7 Rxb7 18. Rfc1 f5 19. Nc2 Nxc2 20. Rxc2 Nc6 21. a3 e5 22. b4 a5 23. b5 Na7 24. a4 Re7 25. Nf1 e4 26. Kg2 Nc8 27. Rd1 Rd8 28. Rcd2 Nd6 29. f3 Rde8 30. h3 g5 31. Nh2 Nf7 32. Kf1 Ne5 33. Rc2 Ng6 34. Kf2 h5 35. Nf1 h4 36. Ra2 exf3 37. exf3 Kf6 38. Rad2 hxg3+ 39. Nxg3 Nf4 40. Rh1 Re3 41. Rhd1 Nxh3+ 42. Kg2 Nf4+ 43. Kf2 Rh8 44. Nf1 Re7 45. Ng3 Rh2+ 46. Kg1 Rh3 47. Kf2 Re3 0-1

[Event "SLO-chT1 East"]
[Site "Slovenia"]
[Date "2016.11.13"]
[Round "6"]
[White "Kodric, Tilen"]
[Black "Spalir, Branko"]
[Result "1/2-1/2"]
[WhiteElo "2144"]
[BlackElo "2121"]
[PlyCount "180"]
[EventDate "2016.09.23"]
[EventType "team-tourn"]
[EventRounds "9"]
[EventCountry "SLO"]
[SourceTitle "EXT 2019"]
[Source "ChessBase"]
[SourceDate "2018.10.10"]
[SourceVersion "1"]
[SourceVersionDate "2018.10.10"]
[SourceQuality "1"]
[WhiteTeam "Maribor ZSK II"]
[BlackTeam "Slovenj Gradec"]
[WhiteTeamCountry "SLO"]
[BlackTeamCountry "SLO"]

1. d4 d5 2. Nc3 Nf6 3. Bf4 e6 4. Nb5 Na6 5. e3 c6 6. Nc3 b5 7. Nf3 Bb4 8. Bd3 Qa5 9. 0-0 Bxc3 10. bxc3 Qa3 11. Ne5 Nb8 12. Qf3 Bb7 13. Bg5 Nbd7 14. Nxd7 Nxd7 15. Qg3 Nf6 16. Qe5 Qe7 17. e4 h6 18. Bh4 dxe4 19. Bxe4 g5 20. Bg3 0-0 21. Bd3 Nd5 22. c4 bxc4 23. Bxc4 Qf6 24. Qe4 Rad8 25. Bd3 Qg7 26. Be5 f6 27. Bg3 Rfe8 28. Qe1 Nf4 29. Rd1 f5 30. Bc4 Rxd4 31. Rxd4 Qxd4 32. Qb4 Qd7 33. Bxf4 gxf4 34. Re1 Kg7 35. Qc3+ Kg6 36. Qe5 Bc8 37. Qxf4 Kh7 38. Qe5 Qg7 39. f4 Qxe5 40. Rxe5 Kg7 41. Rc5 Bb7 42. Ra5 a6 43. Re5 Kf6 44. Kf2 Bc8 45. Ke3 Rd8 46. Bd3 Bb7 47. Ra5 Ke7 48. g3 Kd6 49. Ra4 c5 50. Bxa6 Bc6 51. Ra3 Ra8 52. Rd3+ Bd5 53. Bb5 Ra5 54. a4 c4 55. Bxc4 Rxa4 56. Bxd5 exd5 57. Rb3 Kc5 58. Rc3+ Kd6 59. Rc8 Re4+ 60. Kd3 Re1 61. Rh8 Kc5 62. Rxh6 Rd1+ 63. Ke2 Rg1 64. Kd3 Rd1+ 65. Kc3 d4+ 66. Kb2 Rd2 67. Kb3 Kd5 68. Rh8 Ke4 69. Rh5 Rd1 70. Rg5 Rd2 71. h4 Rf2 72. Rg8 Rg2 73. Rg6 Rf2 74. h5 Rh2 75. h6 Ke3 76. Re6+ Kf3 77. Kc4 Rxc2+ 78. Kxd4 Kxg3 79. Ke5 Kg4 80. Kf6 Kxf4 81. h7 Rc8 82. Re1 Rc6+ 83. Kg7 Rc7+ 84. Kg6 Rxh7 85. Kxh7 Kg3 86. Kg6 f4 87. Kf5 f3 88. Re3 Kg2 89. Kg4 f2 90. Re2 Kg1 1/2-1/2

[Event "SLO-chT1 East"]
[Site "Slovenia"]
[Date "2016.11.11"]
[Round "4"]
[White "Kodric, Tilen"]
[Black "Ivekovic, Mario"]
[Result "1-0"]
[WhiteElo "2144"]
[BlackElo "2155"]
[PlyCount "103"]
[EventDate "2016.09.23"]
[EventType "team-tourn"]
[EventRounds "9"]
[EventCountry "SLO"]
[SourceTitle "EXT 2019"]
[Source "ChessBase"]
[SourceDate "2018.10.10"]
[SourceVersion "1"]
[SourceVersionDate "2018.10.10"]
[SourceQuality "1"]
[WhiteTeam "Maribor ZSK II"]
[BlackTeam "Brezice"]
[WhiteTeamCountry "SLO"]
[BlackTeamCountry "SLO"]

1. d4 g6 2. e4 Bg7 3. Nc3 d6 4. g3 Nf6 5. Bg2 0-0 6. Nge2 c6 7. h3 e5 8. 0-0 b5 9. Be3 Qe7 10. a3 Bb7 11. f4 exd4 12. Bxd4 Nbd7 13. Qd3 a6 14. Rad1 c5 15. Bxf6 Nxf6 16. Qxd6 Qxd6 17. Rxd6 b4 18. Rb6 bxc3 19. Rxb7 cxb2 20. e5 Rab8 21. exf6 Rxb7 22. Bxb7 Bxf6 23. Rb1 Rb8 24. Bd5 Rd8 25. Bc4 Rd2 26. c3 a5 27. Kf1 Bxc3 28. Nxc3 Rc2 29. Ne2 Rxc4 30. Rxb2 h5 31. Rb3 Rc2 32. Rc3 Ra2 33. Nc1 Ra1 34. Ke2 Kg7 35. Kd2 Rb1 36. Rxc5 Rb2+ 37. Ke3 h4 38. Kf3 hxg3 39. Kxg3 Rb1 40. Kf3 Kh6 41. Ke3 f5 42. Nd3 Rg1 43. Kf2 Rh1 44. Kg2 Rd1 45. Ne5 Rd4 46. Kg3 Ra4 47. Nc4 Kh5 48. Kf3 Kh4 49. Ke3 Kxh3 50. Kd3 Kg3 51. Rc6 Kxf4 52. Rxg6 1-0

[Event "SLO-CupT"]
[Site "Portoroz"]
[Date "2016.03.11"]
[Round "1"]
[White "Rifelj, Luka"]
[Black "Kodric, Tilen"]
[Result "1/2-1/2"]
[WhiteElo "1987"]
[BlackElo "2012"]
[PlyCount "66"]
[EventDate "2016.03.11"]
[EventType "team-swiss"]
[EventRounds "5"]
[EventCountry "SLO"]
[SourceTitle "EXT 2019"]
[Source "ChessBase"]
[SourceDate "2018.10.10"]
[SourceVersion "1"]
[SourceVersionDate "2018.10.10"]
[SourceQuality "1"]
[WhiteTeam "Novo Mesto Krka"]
[BlackTeam "Maribor"]
[WhiteTeamCountry "SLO"]
[BlackTeamCountry "SLO"]

1. d4 Nf6 2. Nf3 g6 3. g3 Bg7 4. Bg2 0-0 5. 0-0 d5 6. c4 dxc4 7. Qa4 Nc6 8. Rd1 Be6 9. Ng5 Bd7 10. Qxc4 h6 11. Ne4 Nxe4 12. Bxe4 Be6 13. d5 Bg4 14. Nc3 Ne5 15. Qb3 Rb8 16. Be3 a6 17. f4 Nd7 18. Ba7 Ra8 19. Qxb7 Nf6 20. Bg2 Qd7 21. Rac1 Rfc8 22. d6 exd6 23. Bd4 Qd8 24. h3 Be6 25. Qf3 Rab8 26. b3 Qd7 27. Kh2 Rb4 28. Bc5 Rbb8 29. Ba7 Ra8 30. Bd4 Rab8 31. Ba7 Ra8 32. Bd4 Rab8 33. Ba7 Ra8 1/2-1/2

[Event "Ptuj op 10"]
[Site "Ptuj"]
[Date "2015.10.31"]
[Round "9"]
[White "Kuzner, Ciril"]
[Black "Kodric, Tilen"]
[Result "1-0"]
[WhiteElo "1748"]
[BlackElo "1921"]
[PlyCount "75"]
[EventDate "2015.10.24"]
[EventType "swiss"]
[EventRounds "9"]
[EventCountry "SLO"]
[SourceTitle "CBM 169 Extra"]
[Source "ChessBase"]
[SourceDate "2015.12.18"]
[SourceVersion "1"]
[SourceVersionDate "2015.12.18"]
[SourceQuality "1"]

1. d4 Nf6 2. c4 g6 3. Nc3 d5 4. Nf3 Bg7 5. Bf4 0-0 6. e3 c5 7. Be2 Nc6 8. dxc5 Qa5 9. 0-0 dxc4 10. Bxc4 Qxc5 11. Bb3 e5 12. Bg3 Bg4 13. e4 Rad8 14. Qe1 Bxf3 15. gxf3 Nd4 16. Qe3 Nh5 17. Rfc1 Nxb3 18. axb3 Qxe3 19. fxe3 Bh6 20. Bf2 Rd3 21. Rxa7 Rxe3 22. Rxb7 Rxf3 23. Rd1 f5 24. b4 fxe4 25. Nxe4 Rxf2 26. Nxf2 Be3 27. Rdd7 Rxf2 28. Kh1 Bh6 29. Rb8+ Bf8 30. b5 Nf4 31. h4 Rxb2 32. b6 Ne6 33. Re7 Nd4 34. Ree8 Rf2 35. b7 Nc6 36. Rbc8 Rf7 37. Rxf8+ Rxf8 38. Rxc6 1-0

[Event "Ptuj op 10"]
[Site "Ptuj"]
[Date "2015.10.30"]
[Round "8"]
[White "Kodric, Tilen"]
[Black "Hrbek, Stepan"]
[Result "1-0"]
[WhiteElo "1921"]
[BlackElo "1711"]
[PlyCount "31"]
[EventDate "2015.10.24"]
[EventType "swiss"]
[EventRounds "9"]
[EventCountry "SLO"]
[SourceTitle "CBM 169 Extra"]
[Source "ChessBase"]
[SourceDate "2015.12.18"]
[SourceVersion "1"]
[SourceVersionDate "2015.12.18"]
[SourceQuality "1"]

1. b3 Nf6 2. Bb2 d5 3. e3 e6 4. f4 c5 5. Nf3 Nc6 6. Bb5 a6 7. Bxc6+ bxc6 8. Ne5 Bb7 9. d3 Bd6 10. Nd2 0-0 11. 0-0 Re8 12. Qf3 Qa5 13. Rf2 Re7 14. Qg3 Qc7 15. Nxc6 Bxc6 16. Bxf6 1-0

[Event "Ptuj op 10"]
[Site "Ptuj"]
[Date "2015.10.29"]
[Round "7"]
[White "Gantar, Jan"]
[Black "Kodric, Tilen"]
[Result "1-0"]
[WhiteElo "2165"]
[BlackElo "1921"]
[PlyCount "111"]
[EventDate "2015.10.24"]
[EventType "swiss"]
[EventRounds "9"]
[EventCountry "SLO"]
[SourceTitle "CBM 169 Extra"]
[Source "ChessBase"]
[SourceDate "2015.12.18"]
[SourceVersion "1"]
[SourceVersionDate "2015.12.18"]
[SourceQuality "1"]

1. e4 d6 2. d4 g6 3. g3 Bg7 4. Bg2 Nd7 5. Ne2 Ngf6 6. Nbc3 0-0 7. 0-0 Rb8 8. a4 c5 9. h3 b6 10. Re1 a6 11. Kh2 cxd4 12. Nxd4 Bb7 13. Nd5 Nc5 14. Bg5 e5 15. Nf3 Bxd5 16. Bxf6 Bxf6 17. Qxd5 Qc7 18. Red1 Rfd8 19. Bf1 Ra8 20. b3 Ne6 21. Bc4 Qc5 22. Kg2 Ra7 23. Qxc5 Nxc5 24. Bd5 a5 25. Nd2 Be7 26. Nc4 Rb8 27. f3 Rc7 28. Na3 Ne6 29. Bc4 Rd8 30. h4 Kg7 31. Rd2 Rcd7 32. Bb5 Rb7 33. Ba6 Rbb8 34. Bc4 Rbc8 35. Nb5 Rd7 36. Rad1 Rc6 37. Nc3 Nc7 38. Nb5 Ne8 39. Na3 Rd8 40. Bb5 Rc5 41. Bxe8 Rxe8 42. c4 Rc6 43. Nb5 Rd8 44. Kh3 h6 45. f4 f6 46. f5 g5 47. hxg5 hxg5 48. Kg4 Kf7 49. Rh1 Rg8 50. Nc3 Bf8 51. Nd5 Bg7 52. Rdh2 Kf8 53. Rh7 Rc8 54. Nxb6 Rc7 55. Nd5 Rb7 56. Nxf6 1-0

[Event "Ptuj op 10"]
[Site "Ptuj"]
[Date "2015.10.27"]
[Round "5"]
[White "Skuhala, Jernej"]
[Black "Kodric, Tilen"]
[Result "1-0"]
[WhiteElo "2147"]
[BlackElo "1921"]
[PlyCount "61"]
[EventDate "2015.10.24"]
[EventType "swiss"]
[EventRounds "9"]
[EventCountry "SLO"]
[SourceTitle "CBM 169 Extra"]
[Source "ChessBase"]
[SourceDate "2015.12.18"]
[SourceVersion "1"]
[SourceVersionDate "2015.12.18"]
[SourceQuality "1"]

1. e4 e6 2. d4 d5 3. exd5 exd5 4. Nf3 Bd6 5. Be2 Ne7 6. 0-0 0-0 7. b3 Nd7 8. c4 c6 9. Nc3 Nf6 10. Bd3 Bb4 11. Bb2 Bg4 12. cxd5 Nexd5 13. Ne4 Nxe4 14. Bxe4 Nc3 15. Bxh7+ Kxh7 16. Qd3+ g6 17. Bxc3 Bxc3 18. Qxc3 Bxf3 19. Qxf3 Qxd4 20. Rad1 Qb4 21. Qf6 Qb5 22. Rd4 g5 23. a4 Qc5 24. b4 Qc2 25. Qxg5 Qg6 26. Rh4+ Kg7 27. Qe5+ f6 28. Qf4 f5 29. Rh3 Qe6 30. Rg3+ Kf7 31. Qc7+ 1-0

[Event "Ptuj op 10"]
[Site "Ptuj"]
[Date "2015.10.26"]
[Round "4"]
[White "Kodric, Tilen"]
[Black "Zajsek, Franc"]
[Result "1-0"]
[WhiteElo "1921"]
[BlackElo "1713"]
[PlyCount "58"]
[EventDate "2015.10.24"]
[EventType "swiss"]
[EventRounds "9"]
[EventCountry "SLO"]
[SourceTitle "CBM 169 Extra"]
[Source "ChessBase"]
[SourceDate "2015.12.18"]
[SourceVersion "1"]
[SourceVersionDate "2015.12.18"]
[SourceQuality "1"]

1. d4 d5 2. Nf3 Nf6 3. Bf4 e6 4. e3 Bd6 5. Nbd2 Bxf4 6. exf4 Nbd7 7. Bd3 c5 8. c3 Qc7 9. Ne5 cxd4 10. cxd4 Qb6 11. Nb3 a5 12. a4 Qb4+ 13. Ke2 g6 14. Qc2 0-0 15. h4 Ne4 16. Rh3 f5 17. h5 gxh5 18. Bxe4 Nxe5 19. fxe5 fxe4 20. Rg3+ Kh8 21. Qc7 Qc4+ 22. Qxc4 dxc4 23. Nd2 Bd7 24. Nxe4 Be8 25. Rc3 Bc6 26. Nf6 Rf7 27. Rh1 Bxg2 28. Rxh5 Raf8 29. Rg3 Bd5 1-0

[Event "Ptuj op 10"]
[Site "Ptuj"]
[Date "2015.10.25"]
[Round "2"]
[White "Kodric, Tilen"]
[Black "Kokol, Peter"]
[Result "0-1"]
[WhiteElo "1921"]
[BlackElo "2363"]
[PlyCount "150"]
[EventDate "2015.10.24"]
[EventType "swiss"]
[EventRounds "9"]
[EventCountry "SLO"]
[SourceTitle "CBM 169 Extra"]
[Source "ChessBase"]
[SourceDate "2015.12.18"]
[SourceVersion "1"]
[SourceVersionDate "2015.12.18"]
[SourceQuality "1"]

1. d4 Nf6 2. Bg5 Ne4 3. Bf4 c5 4. f3 Qa5+ 5. c3 Nf6 6. Nd2 cxd4 7. Nb3 Qb6 8. Qxd4 Nc6 9. Qxb6 axb6 10. Nd4 d6 11. e4 g6 12. Be3 Nd7 13. Bb5 Nxd4 14. Bxd4 e5 15. Bxb6 Ke7 16. Be3 Nc5 17. Ne2 Nb3 18. Rb1 Nc5 19. Bc4 Be6 20. Bxe6 Kxe6 21. Nc1 f5 22. exf5+ gxf5 23. Kf2 d5 24. Re1 Bd6 25. b4 Na4 26. Ne2 Rhc8 27. Bd2 Nb6 28. Rb2 Kf6 29. Bc1 Na4 30. Rb3 Rc4 31. Rd1 Ke6 32. Ra3 b5 33. Re1 Kd7 34. Rd1 Kc6 35. f4 Re8 36. g3 Re4 37. Rd2 Rc4 38. Rd3 Bb8 39. Rb3 Re4 40. fxe5 Bxe5 41. Be3 h5 42. Rb1 h4 43. Nd4+ Bxd4 44. cxd4 Nb6 45. Rc1+ Nc4 46. Rc2 h3 47. Bf4 Kd7 48. Rd1 Ra8 49. Bh6 Ra4 50. Rd3 Rxb4 51. Rf3 Ke6 52. Rf4 Rb1 53. Rh4 Nb2 54. Rd2 Nc4 55. Rc2 Rd1 56. Rxh3 Rexd4 57. Bf4 Re4 58. Rh6+ Kf7 59. Rh7+ Kg6 60. Rh6+ Kg7 61. Rh5 d4 62. Rxf5 d3 63. Rc3 b4 64. Rb3 d2 65. Rd3 Ra1 66. Rfd5 Rxa2 67. Kf3 Re1 68. R3d4 b3 69. Rd7+ Kf6 70. Bxd2 b2 71. Bc3 Ne5+ 72. Kf4 Rf1+ 73. Ke3 b1Q 74. R4d6+ Kg5 75. Rg7+ Kf5 0-1